Entre la niebla y el fuego : (Registro nro. 16349)
[ vista simple ]
| 000 -CABECERA | |
|---|---|
| Campo de control de longitud fija | 00628nam a22001815a 4500 |
| 003 - IDENTIFICADOR DEL NÚMERO DE CONTROL | |
| Campo de control | CL-SaCFP |
| 005 - FECHA Y HORA DE LA ÚLTIMA TRANSACCIÓN | |
| Campo de control | 20260310112442.0 |
| 008 - CÓDIGOS DE INFORMACIÓN DE LONGITUD FIJA | |
| Campo de control de longitud fija | 260123s 000 0 spa |
| 020 ## - NÚMERO INTERNACIONAL NORMALIZADO PARA LIBROS (ISBN) | |
| Número Internacional Normalizado para Libros (ISBN) | 9789569691218 |
| 040 ## - FUENTE DE LA CATALOGACIÓN | |
| Lengua de catalogación | spa |
| Centro transcriptor | CL |
| Normas de descripción | rda |
| 100 1# - PUNTO DE ACCESO PRINCIPAL - NOMBRE DE PERSONA | |
| Nombre de persona | Bavestrello Ruz, Claudio |
| 245 10 - MENCIÓN DE TÍTULO | |
| Título | Entre la niebla y el fuego : |
| Resto del título | mitos leyendas y Misterios de Chile / |
| Mención de responsabilidad etc. | Claudio Bavestrello Ruz. |
| 250 ## - MENCIÓN DE EDICIÓN | |
| Mención de edición | Primera edición: septiembre de 2025. |
| 264 #1 - PRODUCTION, PUBLICATION, DISTRIBUTION, MANUFACTURE, AND COPYRIGHT NOTICE | |
| Lugar de producción publicación distribución fabricación | [Chile] : |
| Nombre del de productor editor distribuidor fabricante | Editorial El Lugar de las Palabras, |
| Fecha de de producción publicación distribución fabricación o copyright | 2025. |
| 264 #3 - PRODUCTION, PUBLICATION, DISTRIBUTION, MANUFACTURE, AND COPYRIGHT NOTICE | |
| Lugar de producción publicación distribución fabricación | [Chile] : |
| Nombre del de productor editor distribuidor fabricante | Libros Independientes, |
| Fecha de de producción publicación distribución fabricación o copyright | 2025. |
| 300 ## - DESCRIPCIÓN FÍSICA | |
| Extensión | 289 páginas : |
| Otras características físicas | ilustrado ; |
| Dimensiones | 24 cm. |
| 942 ## - ENTRADA PARA ELEMENTOS AGREGADOS (KOHA) | |
| Fuente de clasificación o esquema de ordenación en estanterías | Dewey Decimal Classification |
| Koha [por defecto] tipo de item | Libros |
| Suprimido | Estado de pérdida | Fuente de clasificación o esquema de ordenación en estanterías | Estropeado | No para préstamo | Código de colección | Localización permanente | Localización actual | Localización en estanterías | Fecha de adquisición | Fuente de adquisición | Préstamos totales | Código de barras | Fecha última consulta | Fecha último préstamo | Número de ejemplar | Fecha del precio de reemplazo | Tipo de item de Koha |
|---|---|---|---|---|---|---|---|---|---|---|---|---|---|---|---|---|---|
| Dewey Decimal Classification | Colección General | Biblioteca Central | Biblioteca Central | Colección General | 04/02/2026 | DL | 1 | 3563000054711 | 10/03/2026 | 10/03/2026 | c.1 | 10/03/2026 | Libros |